Styles de l'Art khmer - Statistiques

Statistiques générales
  • Ce quiz a été pris 4 fois
  • Le résultat moyen est 11 sur 20
Statistiques - réponses
Par images Réponse % Correct
Angkor Vat
100%
Angkor Vat
100%
Bakheng
100%
Bakheng
100%
Bakheng
100%
Bayon
100%
Bayon
100%
Phnom Da
100%
Phnom Da
100%
Banteay Srei
50%
Koh Ker
50%
Kulen
50%
Preah Ko
50%
Bapuhuon
0%
Aucun quiz correspondant
Distribution des résultats
% des personnes avec chaque résultat
Percentile par nombre de réponses
Votre historique - résultats
Vous n’avez pas pris ce quiz